000 00389nam a2200145Ia 4500
008 230917s9999||||xx |||||||||||||| ||und||
040 _e122060
_aMAIN
041 _aEnglish
082 _a822.33 S15P
100 _ashakespease, Willam
245 0 _aPostmodern essays on love, sex and massiage in shkespeave
260 _aNew Delhi
_bViva Books
_c2008
300 _a197p. p.
942 _cBK
999 _c132264
_d132264